[Event "DVM U10 2016"]
[Site "Magdeburg GER"]
[Date "2016.12.28"]
[Round "5"]
[White "Zielke, Ansgar"]
[Black "Schlie, Johann"]
[Result "0-1"]
[Termination "normal"]
[Board "2.2"]
[WhiteElo "1356"]
[BlackElo "1368"]
[WhiteClock "00:33:34"]
[BlackClock "00:14:36"]
[WhiteTeam "SC Borussia 1920 Friedrichsfelde"]
[BlackTeam "Hagener SV 1"]
[PlyCount "120"]
[WhiteFideId "16244800"]
[BlackFideId "16211596"]
[EventCountry "GER"]
[EventRounds "7"]
[EventType "team-swiss"]
[EventDate "2016.12.27"]

1. d4 {[%clk 0:59:59]} d5 {[%clk 0:59:23]} 2. c4 {[%clk 0:59:53]} Nf6 {[%clk
0:59:06]} 3. cxd5 {[%clk 0:59:49]} Qxd5 {[%clk 0:58:52]} 4. Nc3 {[%clk
0:59:42]} Qd8 {[%clk 0:58:26]} 5. e4 {[%clk 0:59:35]} Nc6 {[%clk 0:58:00]} 6.
Nf3 {[%clk 0:59:29]} Bg4 {[%clk 0:57:44]} 7. d5 {[%clk 0:57:42]} Ne5 {[%clk
0:57:20]} 8. Be2 {[%clk 0:57:34]} Bxf3 {[%clk 0:55:20]} 9. Bxf3 {[%clk
0:57:22]} Nxf3+ {[%clk 0:52:32]} 10. Qxf3 {[%clk 0:57:00]} e5 {[%clk 0:49:25]}
11. Bg5 {[%clk 0:56:42]} Be7 {[%clk 0:48:47]} 12. Bxf6 {[%clk 0:56:19]} Bxf6
{[%clk 0:48:19]} 13. O-O {[%clk 0:56:11]} O-O {[%clk 0:48:05]} 14. Rfd1 {[%clk
0:55:15]} a6 {[%clk 0:46:08]} 15. Rac1 {[%clk 0:52:15]} Qd6 {[%clk 0:45:30]}
16. a3 {[%clk 0:51:25]} Rfd8 {[%clk 0:43:51]} 17. Ne2 {[%clk 0:51:10]} Rac8
{[%clk 0:40:59]} 18. Ng3 {[%clk 0:50:52]} g6 {[%clk 0:39:42]} 19. h3 {[%clk
0:50:31]} Bg7 {[%clk 0:38:20]} 20. Qb3 {[%clk 0:49:41]} Qb6 {[%clk 0:36:14]}
21. Qxb6 {[%clk 0:49:31]} cxb6 {[%clk 0:36:09]} 22. Kf1 {[%clk 0:49:22]} Bh6
{[%clk 0:35:36]} 23. Rc3 {[%clk 0:49:04]} Rxc3 {[%clk 0:34:47]} 24. bxc3 {[%clk
0:48:56]} Bf8 {[%clk 0:34:15]} 25. a4 {[%clk 0:48:45]} b5 {[%clk 0:33:56]} 26.
axb5 {[%clk 0:48:04]} axb5 {[%clk 0:33:41]} 27. Rb1 {[%clk 0:47:58]} Rc8 {[%clk
0:33:16]} 28. Rxb5 {[%clk 0:47:41]} Rxc3 {[%clk 0:33:10]} 29. Rxb7 {[%clk
0:47:21]} Rc1+ {[%clk 0:32:12]} 30. Ke2 {[%clk 0:47:15]} Rc2+ {[%clk 0:30:45]}
31. Kf1 {[%clk 0:46:29]} Rc1+ 32. Ke2 {[%clk 0:46:21]} Rc2+ {[%clk 0:30:22]}
33. Kf1 {[%clk 0:45:49]} Ra2 {[%clk 0:28:18]} 34. Rb8 {[%clk 0:45:37]} Kg7
{[%clk 0:28:06]} 35. f3 {[%clk 0:44:24]} Bc5 {[%clk 0:27:28]} 36. Rb1 {[%clk
0:43:56]} Rf2+ {[%clk 0:27:10]} 37. Ke1 {[%clk 0:43:39]} Rxg2 {[%clk 0:26:46]}
38. Ne2 {[%clk 0:43:19]} Rh2 {[%clk 0:26:21]} 39. Kd2 {[%clk 0:39:40]} Rxh3
{[%clk 0:25:39]} 40. Rb5 {[%clk 0:39:16]} Bd6 {[%clk 0:25:14]} 41. Rb6 {[%clk
0:39:09]} Bc7 {[%clk 0:25:05]} 42. Rc6 {[%clk 0:39:02]} Ba5+ {[%clk 0:24:39]}
43. Ke3 {[%clk 0:38:54]} Kf8 {[%clk 0:24:21]} 44. Ra6 {[%clk 0:37:52]} Bd8
{[%clk 0:24:01]} 45. Ra8 {[%clk 0:37:19]} Ke7 {[%clk 0:23:23]} 46. Ra7+ {[%clk
0:37:07]} Ke8 {[%clk 0:23:10]} 47. Ra8 {[%clk 0:37:01]} Rh1 {[%clk 0:22:32]}
48. Nc3 {[%clk 0:36:33]} h5 {[%clk 0:21:53]} 49. Nb5 {[%clk 0:36:22]} h4 {[%clk
0:21:12]} 50. Nd6+ {[%clk 0:36:09]} Ke7 {[%clk 0:19:58]} 51. Nxf7 {[%clk
0:36:00]} Bb6+ {[%clk 0:19:39]} 52. Ke2 {[%clk 0:35:44]} Kxf7 {[%clk 0:19:11]}
53. Rh8 {[%clk 0:35:24]} h3 {[%clk 0:18:19]} 54. f4 {[%clk 0:35:02]} exf4
{[%clk 0:17:09]} 55. Kf3 {[%clk 0:34:53]} Rf1+ {[%clk 0:16:41]} 56. Kg4 {[%clk
0:34:33]} f3 {[%clk 0:15:59]} 57. Rxh3 {[%clk 0:34:20]} f2 {[%clk 0:15:35]} 58.
Rf3+ {[%clk 0:33:59]} Kg7 {[%clk 0:15:18]} 59. Kh3 {[%clk 0:33:42]} Rh1+ {[%clk
0:14:36]} 60. Kg2 {[%clk 0:33:34]} Rg1+ 0-1

[Event "DVM U10 2016"]
[Site "Magdeburg GER"]
[Date "2016.12.28"]
[Round "5"]
[White "Maul, Maik"]
[Black "Ermitsch, Magnus"]
[Result "0-1"]
[Termination "normal"]
[Board "2.3"]
[WhiteElo "1356"]
[BlackElo "1122"]
[WhiteClock "00:41:03"]
[BlackClock "00:39:49"]
[WhiteTeam "Hagener SV 1"]
[BlackTeam "SC Borussia 1920 Friedrichsfelde"]
[PlyCount "56"]
[WhiteFideId "16204816"]
[BlackFideId "16234464"]
[EventCountry "GER"]
[EventRounds "7"]
[EventType "team-swiss"]
[EventDate "2016.12.27"]

1. d4 {[%clk 0:59:47]} e6 {[%clk 0:59:47]} 2. Nc3 {[%clk 0:58:58]} Nf6 {[%clk
0:59:17]} 3. Bg5 {[%clk 0:58:34]} h6 {[%clk 0:58:54]} 4. Bf4 {[%clk 0:58:10]}
Bb4 {[%clk 0:58:29]} 5. Nf3 {[%clk 0:57:22]} Nc6 {[%clk 0:55:02]} 6. e3 {[%clk
0:56:51]} a6 {[%clk 0:54:42]} 7. Bd3 {[%clk 0:56:29]} O-O {[%clk 0:54:19]} 8.
h3 {[%clk 0:55:24]} Nd5 {[%clk 0:54:02]} 9. g4 Nxc3 {[%clk 0:53:55]} 10. bxc3
{[%clk 0:54:11]} Bxc3+ {[%clk 0:53:44]} 11. Ke2 {[%clk 0:54:04]} Bxa1 {[%clk
0:53:13]} 12. Qxa1 {[%clk 0:53:58]} d5 {[%clk 0:52:52]} 13. h4 {[%clk 0:53:22]}
f5 {[%clk 0:51:41]} 14. Bxh6 {[%clk 0:52:16]} gxh6 {[%clk 0:50:59]} 15. g5
{[%clk 0:52:06]} h5 {[%clk 0:50:45]} 16. Qg1 {[%clk 0:50:32]} Bd7 {[%clk
0:50:19]} 17. g6 {[%clk 0:50:09]} Qf6 {[%clk 0:49:50]} 18. Rh2 {[%clk 0:48:58]}
Rae8 {[%clk 0:49:22]} 19. Rg2 {[%clk 0:48:00]} Re7 {[%clk 0:49:06]} 20. c4
{[%clk 0:47:02]} f4 {[%clk 0:48:22]} 21. cxd5 {[%clk 0:45:59]} exd5 {[%clk
0:47:58]} 22. Nd2 {[%clk 0:43:36]} fxe3 {[%clk 0:47:20]} 23. fxe3 {[%clk
0:43:18]} Nxd4+ {[%clk 0:43:29]} 24. Kd1 {[%clk 0:42:34]} Ba4+ {[%clk 0:43:17]}
25. Kc1 {[%clk 0:42:20]} Rxe3 {[%clk 0:42:45]} 26. g7 {[%clk 0:42:00]} Qc6+
{[%clk 0:40:50]} 27. Kb1 {[%clk 0:41:47]} Bc2+ {[%clk 0:39:49]} 28. Ka1 {[%clk
0:41:03]} Qc3# 0-1

[Event "DVM U10 2016"]
[Site "Magdeburg GER"]
[Date "2016.12.28"]
[Round "5"]
[White "Huo, Da"]
[Black "Pikalow, Michael"]
[Result "0-1"]
[Termination "normal"]
[Board "3.1"]
[WhiteElo "1707"]
[BlackElo "1441"]
[WhiteClock "00:00:34"]
[BlackClock "00:01:22"]
[WhiteTeam "Hamburger SK 1"]
[BlackTeam "USC Magdeburg"]
[PlyCount "98"]
[WhiteFideId "16221206"]
[BlackFideId "16227638"]
[EventCountry "GER"]
[EventRounds "7"]
[EventType "team-swiss"]
[EventDate "2016.12.27"]

1. e4 {[%clk 0:59:56]} e6 {[%clk 0:59:54]} 2. d4 {[%clk 0:59:50]} d5 {[%clk
0:59:49]} 3. Nd2 {[%clk 0:59:43]} c5 {[%clk 0:58:35]} 4. c3 {[%clk 0:58:02]}
Nc6 {[%clk 0:54:42]} 5. Ngf3 {[%clk 0:55:25]} Nf6 {[%clk 0:53:10]} 6. e5 {[%clk
0:53:18]} Nd7 {[%clk 0:52:59]} 7. Qc2 {[%clk 0:51:04]} f6 {[%clk 0:49:43]} 8.
exf6 {[%clk 0:49:02]} Nxf6 {[%clk 0:47:01]} 9. Bb5 {[%clk 0:46:14]} Bd7 {[%clk
0:46:37]} 10. O-O {[%clk 0:43:52]} Bd6 {[%clk 0:45:47]} 11. Re1 {[%clk
0:43:05]} O-O {[%clk 0:45:15]} 12. Bxc6 {[%clk 0:41:59]} bxc6 {[%clk 0:44:57]}
13. Nf1 {[%clk 0:39:43]} cxd4 {[%clk 0:44:11]} 14. cxd4 {[%clk 0:37:53]} Qb6
{[%clk 0:40:00]} 15. Be3 {[%clk 0:34:08]} Rab8 {[%clk 0:38:51]} 16. b3 {[%clk
0:33:44]} Rbe8 {[%clk 0:38:45]} 17. Ne5 {[%clk 0:29:40]} Rc8 {[%clk 0:34:45]}
18. Nd3 {[%clk 0:26:55]} Ng4 {[%clk 0:32:22]} 19. Nc5 {[%clk 0:25:12]} Nxe3
{[%clk 0:30:13]} 20. Rxe3 {[%clk 0:24:36]} Bxc5 {[%clk 0:29:34]} 21. dxc5
{[%clk 0:23:22]} Qb4 {[%clk 0:27:35]} 22. Rh3 {[%clk 0:22:29]} g6 {[%clk
0:25:31]} 23. a3 {[%clk 0:20:28]} Qf4 {[%clk 0:24:37]} 24. Rf3 {[%clk 0:19:07]}
Qg5 {[%clk 0:23:52]} 25. Rg3 {[%clk 0:18:10]} Qf4 {[%clk 0:23:04]} 26. Re1
{[%clk 0:16:22]} e5 {[%clk 0:22:22]} 27. Rf3 {[%clk 0:14:33]} Qg5 {[%clk
0:22:02]} 28. Rg3 {[%clk 0:13:15]} Qf4 {[%clk 0:21:12]} 29. Rge3 {[%clk
0:10:45]} e4 {[%clk 0:14:29]} 30. b4 {[%clk 0:09:03]} Rf7 {[%clk 0:13:11]} 31.
Ng3 {[%clk 0:07:50]} Rcf8 {[%clk 0:12:36]} 32. Rf1 {[%clk 0:05:54]} Bf5 {[%clk
0:11:12]} 33. Nxf5 {[%clk 0:05:19]} Rxf5 {[%clk 0:10:52]} 34. g3 {[%clk
0:05:07]} Qg4 {[%clk 0:09:49]} 35. Qa4 {[%clk 0:03:08]} Qh3 {[%clk 0:08:41]}
36. g4 {[%clk 0:01:01]} Qxg4+ {[%clk 0:03:21]} 37. Rg3 {[%clk 0:00:56]} Qe2
{[%clk 0:02:58]} 38. Qxc6 {[%clk 0:00:53]} Rxf2 {[%clk 0:02:38]} 39. Qe6+
{[%clk 0:00:48]} R2f7 {[%clk 0:01:48]} 40. Rxg6+ {[%clk 0:00:46]} hxg6 {[%clk
0:01:40]} 41. Qxg6+ Rg7 {[%clk 0:01:37]} 42. Qxg7+ {[%clk 0:00:40]} Kxg7 {[%clk
0:01:35]} 43. Rxf8 {[%clk 0:00:39]} Kxf8 {[%clk 0:01:34]} 44. c6 {[%clk
0:00:38]} Qd2 {[%clk 0:01:31]} 45. c7 {[%clk 0:00:37]} Qc2 {[%clk 0:01:30]} 46.
h4 {[%clk 0:00:35]} Qxc7 47. h5 Qg3+ {[%clk 0:01:25]} 48. Kf1 {[%clk 0:00:35]}
Kf7 {[%clk 0:01:23]} 49. h6 {[%clk 0:00:34]} e3 {[%clk 0:01:22]} *

[Event "DVM U10 2016"]
[Site "Magdeburg GER"]
[Date "2016.12.28"]
[Round "5"]
[White "Schiffner, Robin"]
[Black "Fuhrmann, Bahne"]
[Result "0-1"]
[Termination "normal"]
[Board "3.2"]
[WhiteElo "1324"]
[BlackElo "1276"]
[WhiteClock "00:04:00"]
[BlackClock "00:03:45"]
[WhiteTeam "USC Magdeburg"]
[BlackTeam "Hamburger SK 1"]
[PlyCount "152"]
[WhiteFideId "16210328"]
[BlackFideId "16244842"]
[EventCountry "GER"]
[EventRounds "7"]
[EventType "team-swiss"]
[EventDate "2016.12.27"]

1. e4 {[%clk 0:59:58]} c5 {[%clk 0:59:53]} 2. Nf3 {[%clk 0:59:50]} d6 {[%clk
0:59:39]} 3. d4 {[%clk 0:59:36]} cxd4 {[%clk 0:59:18]} 4. Nxd4 {[%clk 0:59:29]}
Nf6 {[%clk 0:58:44]} 5. Nc3 {[%clk 0:59:17]} a6 {[%clk 0:58:25]} 6. f3 {[%clk
0:58:40]} Nc6 {[%clk 0:57:57]} 7. Be3 {[%clk 0:58:19]} e5 {[%clk 0:56:52]} 8.
Nb3 {[%clk 0:58:09]} Be7 {[%clk 0:56:08]} 9. Qd2 {[%clk 0:57:12]} O-O {[%clk
0:55:23]} 10. O-O-O {[%clk 0:57:01]} Be6 {[%clk 0:54:29]} 11. g4 {[%clk
0:56:26]} Nd7 {[%clk 0:52:20]} 12. Nd5 {[%clk 0:54:40]} Bxd5 {[%clk 0:49:07]}
13. Qxd5 {[%clk 0:54:26]} Nf6 {[%clk 0:47:34]} 14. Qd2 {[%clk 0:53:55]} Qc7
{[%clk 0:45:55]} 15. Bg2 {[%clk 0:52:56]} Rac8 {[%clk 0:45:02]} 16. g5 {[%clk
0:49:56]} Nh5 {[%clk 0:43:40]} 17. h4 {[%clk 0:47:28]} g6 {[%clk 0:42:47]} 18.
Qd5 {[%clk 0:45:49]} Nb4 {[%clk 0:39:10]} 19. Qd2 {[%clk 0:42:44]} Qxc2+ {[%clk
0:38:22]} 20. Qxc2 {[%clk 0:42:10]} Rxc2+ {[%clk 0:37:50]} 21. Kb1 {[%clk
0:41:59]} Rxg2 {[%clk 0:37:15]} 22. Bd2 {[%clk 0:40:54]} Nd3 {[%clk 0:36:23]}
23. Rhf1 {[%clk 0:38:20]} Ndf4 {[%clk 0:34:45]} 24. Rc1 {[%clk 0:36:51]} Ne6
{[%clk 0:33:23]} 25. Bb4 {[%clk 0:34:40]} Nhf4 {[%clk 0:32:11]} 26. Na5 {[%clk
0:30:46]} Nd3 {[%clk 0:31:16]} 27. Rc4 {[%clk 0:28:41]} Rxb2+ {[%clk 0:30:36]}
28. Ka1 {[%clk 0:28:12]} Rxb4 {[%clk 0:29:46]} 29. Rc3 {[%clk 0:27:20]} Nec5
{[%clk 0:28:36]} 30. Rd1 {[%clk 0:25:36]} Nf2 {[%clk 0:25:42]} 31. Rf1 {[%clk
0:23:11]} Rc8 {[%clk 0:24:09]} 32. Rxf2 {[%clk 0:18:56]} Nb3+ {[%clk 0:23:49]}
33. Rxb3 {[%clk 0:18:31]} Rc1+ {[%clk 0:23:41]} 34. Kb2 {[%clk 0:18:13]} Rxb3+
{[%clk 0:22:48]} 35. axb3 {[%clk 0:17:29]} Rh1 {[%clk 0:22:13]} 36. Nxb7 {[%clk
0:16:52]} Rxh4 {[%clk 0:21:47]} 37. Rc2 {[%clk 0:16:08]} Kg7 {[%clk 0:20:57]}
38. Rc7 {[%clk 0:15:06]} Rh2+ {[%clk 0:20:38]} 39. Ka3 {[%clk 0:14:49]} Bxg5
{[%clk 0:19:50]} 40. Nxd6 {[%clk 0:14:15]} Rd2 {[%clk 0:18:21]} 41. Nxf7 {[%clk
0:13:02]} Bf6 {[%clk 0:16:35]} 42. Nxe5+ {[%clk 0:12:35]} Kg8 {[%clk 0:14:08]}
43. Nc4 {[%clk 0:11:58]} Rd8 {[%clk 0:13:13]} 44. Rc6 {[%clk 0:11:38]} Be7+
{[%clk 0:12:41]} 45. Ka4 {[%clk 0:11:24]} Rd3 {[%clk 0:11:50]} 46. Rxa6 {[%clk
0:10:47]} Rxf3 {[%clk 0:11:19]} 47. b4 {[%clk 0:10:15]} Rc3 {[%clk 0:10:23]}
48. Ne5 {[%clk 0:09:27]} Kg7 {[%clk 0:09:35]} 49. Nc6 {[%clk 0:09:01]} Bf8
{[%clk 0:08:49]} 50. Ka5 {[%clk 0:08:43]} Ra3+ {[%clk 0:08:19]} 51. Kb5 {[%clk
0:08:29]} Rxa6 {[%clk 0:08:13]} 52. Kxa6 {[%clk 0:08:16]} Kf6 {[%clk 0:07:32]}
53. b5 {[%clk 0:08:03]} Bc5 {[%clk 0:07:26]} 54. b6 {[%clk 0:07:27]} Bxb6
{[%clk 0:07:06]} 55. Kxb6 {[%clk 0:07:20]} h5 {[%clk 0:06:59]} 56. e5+ {[%clk
0:07:11]} Ke6 {[%clk 0:06:51]} 57. Nd8+ {[%clk 0:06:57]} Kxe5 {[%clk 0:06:40]}
58. Nf7+ {[%clk 0:06:44]} Kf6 {[%clk 0:06:30]} 59. Nd6 {[%clk 0:06:35]} h4
{[%clk 0:06:20]} 60. Ne4+ {[%clk 0:06:26]} Kf5 {[%clk 0:06:12]} 61. Nf2 {[%clk
0:06:17]} g5 {[%clk 0:05:43]} 62. Kc5 {[%clk 0:06:12]} Kf4 {[%clk 0:05:38]} 63.
Kd4 {[%clk 0:06:03]} g4 {[%clk 0:05:22]} 64. Kd3 {[%clk 0:05:50]} Kf3 {[%clk
0:05:08]} 65. Nd1 {[%clk 0:05:04]} h3 {[%clk 0:04:46]} 66. Kd2 {[%clk 0:04:55]}
h2 {[%clk 0:04:35]} 67. Ke1 {[%clk 0:04:35]} h1=Q+ {[%clk 0:04:31]} 68. Kd2
{[%clk 0:04:26]} g3 {[%clk 0:04:26]} 69. Ne3 {[%clk 0:04:18]} g2 {[%clk
0:04:19]} 70. Nxg2 {[%clk 0:04:14]} Qxg2+ {[%clk 0:04:17]} 71. Kc3 {[%clk
0:04:12]} Ke3 {[%clk 0:04:12]} 72. Kc4 {[%clk 0:04:11]} Qc6+ {[%clk 0:04:10]}
73. Kb4 {[%clk 0:04:08]} Kd3 {[%clk 0:03:51]} 74. Kb3 {[%clk 0:04:04]} Qb5+
{[%clk 0:03:48]} 75. Ka3 {[%clk 0:04:02]} Kc3 {[%clk 0:03:45]} 76. Ka2 {[%clk
0:04:00]} Qb2# 0-1

[Event "DVM U10 2016"]
[Site "Magdeburg GER"]
[Date "2016.12.28"]
[Round "5"]
[White "Lox, Nils Norman"]
[Black "Zöllner, Bente"]
[Result "1/2-1/2"]
[Termination "normal"]
[Board "4.1"]
[WhiteElo "1510"]
[BlackElo "1402"]
[WhiteClock "00:07:43"]
[BlackClock "00:09:22"]
[WhiteTeam "SC Eintracht Berlin"]
[BlackTeam "Stader SV 1"]
[PlyCount "109"]
[WhiteFideId "16221389"]
[BlackFideId "16230523"]
[EventCountry "GER"]
[EventRounds "7"]
[EventType "team-swiss"]
[EventDate "2016.12.27"]

1. d4 {[%clk 0:59:58]} Nf6 {[%clk 0:59:50]} 2. c4 {[%clk 0:59:54]} c5 {[%clk
0:59:41]} 3. e3 {[%clk 0:59:23]} b6 {[%clk 0:58:26]} 4. Nf3 {[%clk 0:58:51]} e6
{[%clk 0:57:41]} 5. Bd3 {[%clk 0:58:15]} Bb7 {[%clk 0:57:02]} 6. Nbd2 {[%clk
0:57:31]} d5 {[%clk 0:56:27]} 7. b3 {[%clk 0:56:47]} Nbd7 {[%clk 0:55:58]} 8.
Bb2 {[%clk 0:56:15]} Bd6 {[%clk 0:55:47]} 9. O-O {[%clk 0:55:27]} Qc7 {[%clk
0:55:27]} 10. Qc2 {[%clk 0:52:17]} cxd4 {[%clk 0:52:04]} 11. exd4 {[%clk
0:49:52]} O-O {[%clk 0:51:41]} 12. Rfe1 {[%clk 0:47:40]} Rac8 {[%clk 0:50:39]}
13. Rac1 {[%clk 0:45:00]} Bf4 {[%clk 0:47:58]} 14. Ne5 {[%clk 0:41:10]} Kh8
{[%clk 0:45:42]} 15. Qd1 {[%clk 0:37:39]} dxc4 {[%clk 0:42:30]} 16. Rxc4 {[%clk
0:34:28]} Qd6 {[%clk 0:41:25]} 17. Rxc8 {[%clk 0:33:39]} Bxc8 {[%clk 0:40:59]}
18. Ndc4 {[%clk 0:32:37]} Qd5 {[%clk 0:39:20]} 19. f3 {[%clk 0:29:53]} Bb7
{[%clk 0:37:47]} 20. Be4 {[%clk 0:26:44]} Nxe4 {[%clk 0:36:03]} 21. Rxe4 {[%clk
0:26:37]} Nxe5 {[%clk 0:32:01]} 22. Nxe5 {[%clk 0:25:53]} Bxe5 {[%clk 0:31:14]}
23. Rxe5 {[%clk 0:25:16]} Qd6 {[%clk 0:28:59]} 24. Re2 {[%clk 0:24:00]} f6
{[%clk 0:28:07]} 25. Qc1 {[%clk 0:22:32]} Rc8 {[%clk 0:27:15]} 26. Rc2 {[%clk
0:22:18]} Rxc2 {[%clk 0:26:15]} 27. Qxc2 {[%clk 0:22:15]} Kg8 {[%clk 0:25:32]}
28. Qc4 {[%clk 0:21:30]} Kf7 {[%clk 0:24:23]} 29. Bc3 {[%clk 0:19:24]} Bd5
{[%clk 0:21:10]} 30. Qd3 {[%clk 0:16:43]} Qf4 {[%clk 0:19:58]} 31. Qd2 {[%clk
0:15:59]} g5 {[%clk 0:18:22]} 32. Qxf4 {[%clk 0:15:38]} gxf4 {[%clk 0:18:15]}
33. Kf2 {[%clk 0:15:31]} Kg6 {[%clk 0:17:42]} 34. g3 {[%clk 0:13:47]} fxg3+
{[%clk 0:17:26]} 35. hxg3 {[%clk 0:13:43]} Kf5 {[%clk 0:17:10]} 36. g4+ {[%clk
0:13:17]} Kg6 {[%clk 0:16:22]} 37. Kg3 {[%clk 0:11:51]} h5 {[%clk 0:15:32]} 38.
gxh5+ {[%clk 0:11:27]} Kxh5 {[%clk 0:15:23]} 39. f4 {[%clk 0:11:02]} Be4 {[%clk
0:14:52]} 40. Kf2 {[%clk 0:10:19]} Kg4 {[%clk 0:13:45]} 41. Ke3 {[%clk
0:10:03]} Bb1 {[%clk 0:13:33]} 42. a3 {[%clk 0:09:55]} Kf5 {[%clk 0:12:40]} 43.
b4 {[%clk 0:09:42]} a6 {[%clk 0:12:24]} 44. Bd2 {[%clk 0:09:19]} Be4 {[%clk
0:11:46]} 45. Bc3 {[%clk 0:09:13]} b5 {[%clk 0:11:32]} 46. Bb2 {[%clk 0:08:58]}
Bd5 {[%clk 0:11:08]} 47. Bc3 {[%clk 0:08:51]} Bc4 {[%clk 0:10:55]} 48. Bb2
{[%clk 0:08:44]} Bd5 {[%clk 0:10:38]} 49. Bc3 {[%clk 0:08:34]} Ba8 {[%clk
0:10:27]} 50. Bb2 {[%clk 0:08:19]} Bg2 {[%clk 0:10:05]} 51. Bc3 {[%clk
0:08:09]} Bh3 {[%clk 0:09:43]} 52. Bb2 {[%clk 0:07:59]} Bg2 {[%clk 0:09:28]}
53. Bc3 {[%clk 0:07:56]} Bd5 {[%clk 0:09:22]} 54. Bb2 {[%clk 0:07:43]} Ke5 55.
Ke4+ 1/2-1/2

[Event "DVM U10 2016"]
[Site "Magdeburg GER"]
[Date "2016.12.28"]
[Round "5"]
[White "Fuchs, Thomas"]
[Black "Raasch, Hauke"]
[Result "1-0"]
[Termination "normal"]
[Board "4.2"]
[WhiteElo "1260"]
[BlackElo "1587"]
[WhiteClock "00:43:00"]
[BlackClock "00:40:17"]
[WhiteTeam "Stader SV 1"]
[BlackTeam "SC Eintracht Berlin"]
[PlyCount "101"]
[WhiteFideId "16230574"]
[BlackFideId "16210034"]
[EventCountry "GER"]
[EventRounds "7"]
[EventType "team-swiss"]
[EventDate "2016.12.27"]

1. d4 {[%clk 0:59:53]} d5 {[%clk 0:59:52]} 2. c4 {[%clk 0:59:37]} e6 {[%clk
0:59:44]} 3. Nf3 {[%clk 0:59:22]} Nf6 {[%clk 0:59:39]} 4. Nc3 {[%clk 0:58:32]}
c6 {[%clk 0:59:29]} 5. e3 {[%clk 0:58:20]} Nbd7 {[%clk 0:59:22]} 6. Bd3 {[%clk
0:57:59]} Qa5 {[%clk 0:59:14]} 7. cxd5 {[%clk 0:57:43]} Nxd5 {[%clk 0:58:55]}
8. Bd2 {[%clk 0:57:23]} Bb4 {[%clk 0:58:42]} 9. Qc2 {[%clk 0:57:07]} Nxc3
{[%clk 0:57:49]} 10. Bxc3 {[%clk 0:56:49]} Bxc3+ {[%clk 0:57:45]} 11. Qxc3
{[%clk 0:56:40]} Qxc3+ {[%clk 0:57:38]} 12. bxc3 {[%clk 0:56:35]} O-O {[%clk
0:57:28]} 13. O-O {[%clk 0:56:28]} Re8 {[%clk 0:57:08]} 14. e4 {[%clk 0:56:18]}
e5 {[%clk 0:56:57]} 15. Rfe1 {[%clk 0:55:46]} f6 {[%clk 0:56:25]} 16. Bc4+
{[%clk 0:55:24]} Kh8 {[%clk 0:56:09]} 17. Rab1 {[%clk 0:55:04]} b6 {[%clk
0:55:43]} 18. d5 {[%clk 0:54:18]} c5 {[%clk 0:54:23]} 19. Bb5 {[%clk 0:54:03]}
Rd8 {[%clk 0:53:25]} 20. Bc6 {[%clk 0:53:41]} Rb8 {[%clk 0:53:12]} 21. c4
{[%clk 0:53:25]} Bb7 {[%clk 0:53:06]} 22. Bxd7 {[%clk 0:52:43]} Rxd7 {[%clk
0:52:52]} 23. Red1 {[%clk 0:52:30]} Rd6 {[%clk 0:51:59]} 24. Nh4 {[%clk
0:52:20]} Bc8 {[%clk 0:51:48]} 25. a4 {[%clk 0:51:59]} Kg8 {[%clk 0:50:44]} 26.
Nf5 {[%clk 0:50:46]} Bxf5 {[%clk 0:50:33]} 27. exf5 {[%clk 0:50:40]} Kf7 {[%clk
0:50:00]} 28. f3 {[%clk 0:50:21]} Ke7 {[%clk 0:49:46]} 29. Kf2 {[%clk 0:50:10]}
Kd7 {[%clk 0:49:33]} 30. g4 {[%clk 0:49:43]} h6 {[%clk 0:49:13]} 31. h4 {[%clk
0:49:33]} Rg8 {[%clk 0:48:25]} 32. Kg3 {[%clk 0:49:12]} Ke7 {[%clk 0:48:10]}
33. f4 {[%clk 0:48:48]} exf4+ {[%clk 0:47:45]} 34. Kxf4 {[%clk 0:48:40]} Kf7
{[%clk 0:47:35]} 35. Re1 {[%clk 0:48:28]} Re8 {[%clk 0:47:17]} 36. Rxe8 {[%clk
0:47:53]} Kxe8 {[%clk 0:47:08]} 37. Re1+ {[%clk 0:47:48]} Kf7 {[%clk 0:47:02]}
38. Re6 {[%clk 0:47:22]} Rd8 {[%clk 0:46:18]} 39. d6 {[%clk 0:46:30]} Rd7
{[%clk 0:46:00]} 40. Ke4 {[%clk 0:46:19]} g6 {[%clk 0:44:56]} 41. Kd5 {[%clk
0:45:54]} gxf5 {[%clk 0:44:18]} 42. gxf5 {[%clk 0:45:47]} Rd8 {[%clk 0:42:40]}
43. Kc6 {[%clk 0:45:34]} b5 {[%clk 0:41:34]} 44. axb5 {[%clk 0:45:13]} a5
{[%clk 0:41:20]} 45. bxa6 h5 46. Kc7 {[%clk 0:44:37]} Rg8 {[%clk 0:40:42]} 47.
Re4 {[%clk 0:44:00]} Rg4 {[%clk 0:40:32]} 48. Rxg4 {[%clk 0:43:33]} hxg4 {[%clk
0:40:23]} 49. d7 {[%clk 0:43:21]} g3 {[%clk 0:40:19]} 50. d8=Q {[%clk 0:43:13]}
g2 {[%clk 0:40:17]} 51. Qd5+ {[%clk 0:43:00]} 1-0

[Event "DVM U10 2016"]
[Site "Magdeburg GER"]
[Date "2016.12.28"]
[Round "5"]
[White "Hoffmann, Kay"]
[Black "Hinz, Paolo"]
[Result "1-0"]
[Termination "normal"]
[Board "4.3"]
[WhiteElo "1059"]
[BlackElo "1157"]
[WhiteClock "00:26:40"]
[BlackClock "00:30:22"]
[WhiteTeam "SC Eintracht Berlin"]
[BlackTeam "Stader SV 1"]
[PlyCount "65"]
[WhiteFideId "16227000"]
[BlackFideId "16230540"]
[EventCountry "GER"]
[EventRounds "7"]
[EventType "team-swiss"]
[EventDate "2016.12.27"]

1. d4 {[%clk 0:59:59]} c6 {[%clk 0:59:52]} 2. Nf3 {[%clk 0:59:50]} d5 {[%clk
0:59:46]} 3. e3 {[%clk 0:59:43]} Nf6 {[%clk 0:59:41]} 4. Bd3 {[%clk 0:59:28]}
Bg4 {[%clk 0:59:16]} 5. Nbd2 {[%clk 0:59:15]} Nbd7 {[%clk 0:59:04]} 6. c3
{[%clk 0:58:57]} e6 {[%clk 0:58:38]} 7. O-O {[%clk 0:58:44]} Bd6 {[%clk
0:58:00]} 8. Re1 {[%clk 0:58:30]} Qc7 {[%clk 0:57:50]} 9. e4 {[%clk 0:58:00]}
O-O {[%clk 0:57:24]} 10. e5 {[%clk 0:57:51]} Nxe5 {[%clk 0:56:09]} 11. dxe5
{[%clk 0:57:34]} Bxe5 {[%clk 0:55:54]} 12. Qc2 {[%clk 0:57:12]} Bd6 {[%clk
0:54:27]} 13. b3 {[%clk 0:55:09]} e5 {[%clk 0:53:56]} 14. Bf5 {[%clk 0:50:59]}
e4 {[%clk 0:52:29]} 15. Bxg4 {[%clk 0:50:30]} Nxg4 {[%clk 0:52:06]} 16. Nd4
{[%clk 0:44:05]} Bxh2+ {[%clk 0:50:19]} 17. Kf1 {[%clk 0:43:54]} Qf4 {[%clk
0:49:57]} 18. Nxe4 {[%clk 0:42:30]} Qc7 {[%clk 0:46:53]} 19. Ng5 {[%clk
0:41:46]} Nf6 {[%clk 0:45:28]} 20. Nf5 {[%clk 0:38:25]} Bf4 {[%clk 0:43:58]}
21. Re7 {[%clk 0:38:03]} Qb8 {[%clk 0:41:40]} 22. Qd3 {[%clk 0:33:43]} Bd6
{[%clk 0:40:18]} 23. Nxd6 {[%clk 0:32:24]} Qxd6 {[%clk 0:39:53]} 24. Rxb7
{[%clk 0:31:37]} Rae8 {[%clk 0:38:26]} 25. a4 {[%clk 0:30:25]} Qh2 {[%clk
0:37:50]} 26. Qh3 {[%clk 0:29:59]} Qe5 {[%clk 0:37:06]} 27. Qe3 {[%clk
0:29:35]} Qh2 {[%clk 0:36:50]} 28. Qh3 {[%clk 0:28:37]} Qe5 {[%clk 0:35:58]}
29. Be3 {[%clk 0:28:23]} Qxc3 {[%clk 0:34:58]} 30. Rc1 {[%clk 0:27:56]} Qd3+
{[%clk 0:33:08]} 31. Kg1 {[%clk 0:27:30]} d4 {[%clk 0:31:43]} 32. Bf4 {[%clk
0:26:52]} Re2 {[%clk 0:30:22]} 33. Qxd3 {[%clk 0:26:40]} 1-0